[Event "21.Wörishofen-Seniorenen op"]
[Site "Bad Wörishofen (03.03.-11.03)"]
[Date "2005.03.11"]
[Round "9.31"]
[White "Hommann, Horst"]
[Black "Nietsch, Horst"]
[Result "0-1"]
[WhiteElo "1609"]
[BlackElo "1905"]
[PlyCount "104"]
[EventDate "2005.03.??"]
[Source "Chessorg"]
[SourceDate "2005.12.10"]

1. c4 e6 2. g3 Nf6 3. Bg2 d5 4. cxd5 exd5 5. Nf3 Bd6 6. O-O O-O 7. d3 Bg4 8.
Nbd2 Nbd7 9. b3 Rc8 10. Bb2 c6 11. Re1 Qb6 12. h3 Bh5 13. a3 Bxg3 14. Bd4 c5
15. Bxf6 Bxf2+ 16. Kxf2 Nxf6 17. e3 Bg6 18. Nf1 Qa6 19. d4 cxd4 20. Nxd4 Ne4+
21. Kg1 Qb6 22. Rc1 Rfe8 23. Qg4 Rcd8 24. Qf4 Qa5 25. a4 Rc8 26. Qg4 Rxc1 27.
Rxc1 Qd8 28. Bf3 h6 29. Bg2 Nf6 30. Qf4 Be4 31. Qc7 Qa8 32. Nb5 Bxg2 33. Kxg2
Rf8 34. Nd6 b6 35. Qe7 d4+ 36. e4 a5 37. Rc7 Qa6 38. Nb5 Qa8 39. Nxd4 Nxe4 40.
Nc6 Nf6 41. Rb7 Qa6 42. Ne5 Nd5 43. Qd7 Qe2+ 44. Kg1 Qxe5 45. Qc6 Qg5+ 46. Kf2
Qf4+ 47. Kg2 Qe4+ 48. Kf2 Re8 49. Ng3 Qf4+ 50. Kg2 Qd2+ 51. Kf3 Re3+ 52. Kg4
Qd4+ 0-1

[Event "21.Wörishofen-Seniorenen op"]
[Site "Bad Wörishofen (03.03.-11.03)"]
[Date "2005.03.11"]
[Round "9.32"]
[White "Scheidt, Eugen"]
[Black "Diete, Guenter"]
[Result "1/2-1/2"]
[WhiteElo "1738"]
[BlackElo "1696"]
[PlyCount "35"]
[EventDate "2005.03.??"]
[Source "Chessorg"]
[SourceDate "2005.12.10"]

1. e4 e5 2. Nf3 Nf6 3. Nxe5 d6 4. Nf3 Nxe4 5. d3 Nf6 6. d4 d5 7. Bd3 Be7 8. O-O
O-O 9. Re1 Re8 10. h3 Nbd7 11. Bf4 Nf8 12. Nbd2 Ne6 13. Bh2 c6 14. c3 b6 15.
Qc2 a5 16. a4 Ba6 17. Bxa6 Rxa6 18. Ne5 1/2-1/2

[Event "21.Wörishofen-Seniorenen op"]
[Site "Bad Wörishofen (03.03.-11.03)"]
[Date "2005.03.11"]
[Round "9.33"]
[White "Rudolph, Joachim"]
[Black "Josting, Friedel"]
[Result "0-1"]
[WhiteElo "1683"]
[BlackElo "1886"]
[PlyCount "64"]
[EventDate "2005.03.??"]
[Source "Chessorg"]
[SourceDate "2005.12.10"]

1. c4 c5 2. Nc3 Nc6 3. d3 g6 4. g3 Bg7 5. Bd2 d6 6. Bg2 Nf6 7. Nf3 O-O 8. O-O
Bg4 9. Rb1 Qd7 10. Qe1 Bh3 11. Ng5 Bxg2 12. Kxg2 d5 13. cxd5 Nxd5 14. Nf3 e5
15. Qc1 Nd4 16. Qe1 f5 17. Qd1 Kh8 18. Ng5 h6 19. Nh3 f4 20. f3 Nxc3 21. bxc3
Ne6 22. Nf2 Rad8 23. c4 b6 24. Bc3 Kg8 25. Ne4 Ng5 26. Nxg5 hxg5 27. g4 e4 28.
Bxg7 exf3+ 29. exf3 Kxg7 30. Rb3 Rfe8 31. Rf2 Re3 32. Rd2 Qd4 0-1

[Event "21.Wörishofen-Seniorenen op"]
[Site "Bad Wörishofen (03.03.-11.03)"]
[Date "2005.03.11"]
[Round "9.34"]
[White "Schuller, Erhard"]
[Black "Bierbach, Utz-Friedrich"]
[Result "1/2-1/2"]
[WhiteElo "1639"]
[BlackElo "1745"]
[PlyCount "61"]
[EventDate "2005.03.??"]
[Source "Chessorg"]
[SourceDate "2005.12.10"]

1. e4 c5 2. Nf3 e6 3. d4 cxd4 4. Nxd4 Nf6 5. Bd3 d6 6. Nc3 a6 7. Bg5 Be7 8. Qd2
h6 9. Be3 Ng4 10. h3 Nxe3 11. Qxe3 Qb6 12. Nb3 Qxe3+ 13. fxe3 Bh4+ 14. Kd2 Nc6
15. a3 Bd7 16. Ne2 Bf6 17. Ned4 b5 18. c3 Ne5 19. Na5 Rc8 20. Nb7 Be7 21. Na5
O-O 22. Rac1 Nc4+ 23. Nxc4 bxc4 24. Bc2 g6 25. Rhf1 e5 26. Nf3 Rb8 27. Rb1 Be6
28. Ke2 Rb6 29. Kd2 Rfb8 30. Kc1 Kg7 31. Re1 1/2-1/2

[Event "21.Wörishofen-Seniorenen op"]
[Site "Bad Wörishofen (03.03.-11.03)"]
[Date "2005.03.11"]
[Round "9.35"]
[White "Winkler, Hans"]
[Black "Wolf, Alfred[34Bliestal]"]
[Result "1-0"]
[WhiteElo "1709"]
[BlackElo "1736"]
[PlyCount "93"]
[EventDate "2005.03.??"]
[Source "Chessorg"]
[SourceDate "2005.12.10"]

1. c4 Nf6 2. Nc3 g6 3. g3 Bg7 4. Bg2 O-O 5. Nf3 c5 6. Rb1 Nc6 7. O-O d6 8. a3
a5 9. d3 Bd7 10. Bd2 Rb8 11. Qc1 Re8 12. Bh6 Bh8 13. h3 Qc8 14. Kh2 Nd4 15.
Nxd4 cxd4 16. Nd1 Bc6 17. b4 Bxg2 18. Kxg2 axb4 19. axb4 Qc6+ 20. f3 Rec8 21.
b5 Qc5 22. Nf2 d5 23. Qd2 dxc4 24. dxc4 Qxc4 25. Rfc1 Qd5 26. Nd3 b6 27. Bf4
Ra8 28. Rxc8+ Rxc8 29. Ne5 Nd7 30. Nc6 Re8 31. Bc7 Bf6 32. e4 Qc5 33. Bf4 g5
34. e5 Bg7 35. Bxg5 Nxe5 36. Nxe5 Qxe5 37. Bf4 Qc5 38. Qd3 e5 39. Bd2 Ra8 40.
Rc1 Qe7 41. Qf5 Qd6 42. Qe4 Ra2 43. Rc2 f5 44. Qd3 e4 45. fxe4 fxe4 46. Rc8+
Kf7 47. Qb3+ 1-0

[Event "21.Wörishofen-Seniorenen op"]
[Site "Bad Wörishofen (03.03.-11.03)"]
[Date "2005.03.11"]
[Round "9.36"]
[White "Harke, Horst"]
[Black "Hausner, Alfreda"]
[Result "1/2-1/2"]
[WhiteElo "1657"]
[BlackElo "1765"]
[PlyCount "40"]
[EventDate "2005.03.??"]
[Source "Chessorg"]
[SourceDate "2005.12.10"]

1. d4 d5 2. Nf3 Nf6 3. e3 e6 4. Bd3 g6 5. O-O Bg7 6. Nbd2 O-O 7. Nb3 b6 8. Bd2
Bb7 9. Rc1 Nbd7 10. Be1 Rc8 11. c4 dxc4 12. Bxc4 Re8 13. Qe2 c5 14. Ba6 Bxa6
15. Qxa6 cxd4 16. Qxc8 Qxc8 17. Rxc8 Rxc8 18. Nbxd4 Nd5 19. Nb5 a6 20. Nbd4 Ne5
1/2-1/2

[Event "21.Wörishofen-Seniorenen op"]
[Site "Bad Wörishofen (03.03.-11.03)"]
[Date "2005.03.11"]
[Round "9.37"]
[White "Czeitschner, Roland"]
[Black "Fels, Karl-Heinz"]
[Result "1-0"]
[WhiteElo "1766"]
[BlackElo "1785"]
[PlyCount "103"]
[EventDate "2005.03.??"]
[Source "Chessorg"]
[SourceDate "2005.12.10"]

1. c4 Nf6 2. Nc3 e6 3. g3 c6 4. Bg2 d5 5. cxd5 cxd5 6. d4 Nc6 7. Nf3 Be7 8. O-O
O-O 9. Bf4 a6 10. Rc1 Nh5 11. Bd2 f5 12. e3 Nf6 13. Ne5 Nxe5 14. dxe5 Ne4 15.
f4 Bd7 16. Nxe4 fxe4 17. Bc3 b5 18. a3 Rc8 19. Qd2 Bc5 20. Bd4 Bxd4 21. Qxd4
Rc4 22. Qd2 Qb6 23. b3 Rxc1 24. Rxc1 Rc8 25. Rxc8+ Bxc8 26. Kf2 Bb7 27. Qc3 Qc6
28. Qxc6 Bxc6 29. Ke2 Kf7 30. Kd2 Ke7 31. Kc3 Kd8 32. Kb4 Kc7 33. Kc5 g6 34. h4
h5 35. Bh3 Bd7 36. g4 hxg4 37. Bxg4 Bc8 38. h5 gxh5 39. Bxh5 Bd7 40. Bf7 Bc8
41. Be8 Bb7 42. Bf7 Bc8 43. b4 Bd7 44. Bg6 Bc8 45. f5 exf5 46. Kxd5 Bb7+ 47.
Ke6 Bc8+ 48. Kf6 f4 49. exf4 e3 50. Bh5 Bb7 51. e6 Bc6 52. Ke5 1-0

[Event "21.Wörishofen-Seniorenen op"]
[Site "Bad Wörishofen (03.03.-11.03)"]
[Date "2005.03.11"]
[Round "9.38"]
[White "Lang, Hermann[35Merzig]"]
[Black "Thonig, Manfred"]
[Result "1-0"]
[WhiteElo "1717"]
[BlackElo "1578"]
[PlyCount "67"]
[EventDate "2005.03.??"]
[Source "Chessorg"]
[SourceDate "2005.12.10"]

1. c4 f5 2. f4 Nf6 3. Nf3 e6 4. e3 b6 5. Be2 Bb7 6. O-O Be7 7. Nc3 O-O 8. d4
Ne4 9. Nxe4 fxe4 10. Nd2 d5 11. Bg4 Rf6 12. b3 Nd7 13. Bb2 Rh6 14. Rc1 Nf6 15.
Bxe6+ Kh8 16. Rf2 Qd6 17. Bf5 g6 18. Bh3 Bc8 19. c5 Qd8 20. Bxc8 Qxc8 21. Nf1
Ng4 22. Rfc2 b5 23. c6 g5 24. h3 Nxe3 25. Nxe3 gxf4 26. Nxd5 Bg5 27. Nxf4 Bxf4
28. d5+ Kg8 29. Qd4 Rg6 30. Qh8+ Kf7 31. Qxh7+ Kf8 32. Qxg6 Be3+ 33. Kh1 Bxc1
34. Rxc1 1-0

[Event "21.Wörishofen-Seniorenen op"]
[Site "Bad Wörishofen (03.03.-11.03)"]
[Date "2005.03.11"]
[Round "9.39"]
[White "Kreie, Guenter"]
[Black "Blosze, Winfried"]
[Result "1-0"]
[WhiteElo "1847"]
[BlackElo "1688"]
[PlyCount "27"]
[EventDate "2005.03.??"]
[Source "Chessorg"]
[SourceDate "2005.12.10"]

1. e4 d6 2. d4 g6 3. f4 Bg7 4. Nf3 Bg4 5. Be2 Nd7 6. h3 Bxf3 7. Bxf3 e5 8. dxe5
dxe5 9. Nc3 Qh4+ 10. Kf1 exf4 11. Nd5 O-O-O 12. Bxf4 Be5 13. g3 Bxf4 14. gxh4
1-0

[Event "21.Wörishofen-Seniorenen op"]
[Site "Bad Wörishofen (03.03.-11.03)"]
[Date "2005.03.11"]
[Round "9.40"]
[White "Richter, Gerhard,Dr.[28Marb]"]
[Black "Richter, Helmut[41W'kraib]"]
[Result "1-0"]
[WhiteElo "1757"]
[BlackElo "1538"]
[PlyCount "80"]
[EventDate "2005.03.??"]
[Source "Chessorg"]
[SourceDate "2005.12.10"]

1. e4 c6 2. d3 d5 3. Nd2 h6 4. Ngf3 Bg4 5. h3 Bh5 6. g4 Bg6 7. Bg2 dxe4 8. dxe4
e6 9. Qe2 Nd7 10. O-O Ngf6 11. Rd1 Qc7 12. c4 Bd6 13. Re1 Bf4 14. e5 Nh7 15.
Nb3 Bxc1 16. Raxc1 Nhf8 17. c5 Bh7 18. Nbd2 Ng6 19. Nc4 O-O 20. Qe3 Ne7 21. Nd6
Nd5 22. Qd2 a5 23. a3 b6 24. cxb6 Qxb6 25. g5 h5 26. Nh4 c5 27. Nc4 Qd8 28. f4
N7b6 29. Nd6 Rb8 30. Rxc5 Na4 31. Rb5 Rxb5 32. Nxb5 Qb6+ 33. Nd4 Qxb2 34. Qxb2
Nxb2 35. Bxd5 exd5 36. f5 g6 37. f6 Re8 38. Nc6 Nd3 39. Re3 Nf4 40. Kf2 Ra8 1-0

[Event "21.Wörishofen-Seniorenen op"]
[Site "Bad Wörishofen (03.03.-11.03)"]
[Date "2005.03.11"]
[Round "9.41"]
[White "Fleckner, Hans"]
[Black "Miessner, Rolf"]
[Result "0-1"]
[WhiteElo "1723"]
[BlackElo "1695"]
[PlyCount "25"]
[EventDate "2005.03.??"]
[Source "Chessorg"]
[SourceDate "2005.12.10"]

1. e4 Nf6 2. Nc3 d5 3. e5 Ne4 4. Nce2 d4 5. c3 dxc3 6. Qa4+ Nd7 7. Qxe4 Nc5 8.
Qd4 Nd3+ 9. Kd1 Qxd4 10. Nxd4 Nxf2+ 11. Ke2 Nxh1 12. dxc3 Bg4+ 13. Ngf3 0-1

[Event "21.Wörishofen-Seniorenen op"]
[Site "Bad Wörishofen (03.03.-11.03)"]
[Date "2005.03.11"]
[Round "9.42"]
[White "Lange, Detlef"]
[Black "Westermayer, Hans[Johann]"]
[Result "1/2-1/2"]
[WhiteElo "1635"]
[BlackElo "1509"]
[PlyCount "35"]
[EventDate "2005.03.??"]
[Source "Chessorg"]
[SourceDate "2005.12.10"]

1. e4 c6 2. d4 g6 3. Nf3 d5 4. e5 Bg7 5. Bd3 Bg4 6. Nbd2 e6 7. h3 Bxf3 8. Nxf3
Nd7 9. O-O c5 10. c3 Qc7 11. Bb5 cxd4 12. cxd4 Ne7 13. Bg5 Nc6 14. Rc1 O-O 15.
Be7 Rfc8 16. Bd6 Qb6 17. Bxc6 Rxc6 18. Rxc6 1/2-1/2

[Event "21.Wörishofen-Seniorenen op"]
[Site "Bad Wörishofen (03.03.-11.03)"]
[Date "2005.03.11"]
[Round "9.43"]
[White "Huhn, Ulrich"]
[Black "Oser, Thor"]
[Result "1/2-1/2"]
[WhiteElo "1708"]
[BlackElo "1631"]
[PlyCount "61"]
[EventDate "2005.03.??"]
[Source "Chessorg"]
[SourceDate "2005.12.10"]

1. d4 d5 2. Nc3 Nf6 3. Bg5 e6 4. e4 dxe4 5. Nxe4 Be7 6. Nxf6+ Bxf6 7. Bxf6 Qxf6
8. Bd3 O-O 9. Nf3 Nd7 10. Qe2 c5 11. c3 cxd4 12. Nxd4 a6 13. Nf3 Nc5 14. Bc2 b5
15. Qe5 Bb7 16. Qxf6 gxf6 17. Nd2 Rfd8 18. O-O-O h5 19. Rhe1 Nd3+ 20. Bxd3 Rxd3
21. Ne4 Rxd1+ 22. Kxd1 f5 23. Nc5 Rd8+ 24. Kc1 Bc8 25. Rd1 Rxd1+ 26. Kxd1 Kf8
27. Kd2 Ke7 28. Ke3 Kd6 29. b4 e5 30. f3 Kd5 31. Kd3 1/2-1/2

[Event "21.Wörishofen-Seniorenen op"]
[Site "Bad Wörishofen (03.03.-11.03)"]
[Date "2005.03.11"]
[Round "9.44"]
[White "Luecke, Volkmar"]
[Black "Mueller, Manfred[42Senftenb]"]
[Result "0-1"]
[WhiteElo "1863"]
[BlackElo "1901"]
[PlyCount "108"]
[EventDate "2005.03.??"]
[Source "Chessorg"]
[SourceDate "2005.12.10"]

1. Nf3 Nf6 2. g3 b6 3. Bg2 Bb7 4. O-O c5 5. c3 e6 6. d4 d5 7. Bg5 Be7 8. dxc5
bxc5 9. Nbd2 O-O 10. Qc2 a5 11. Rad1 Qb6 12. Bxf6 Bxf6 13. e4 Nd7 14. exd5 exd5
15. Rfe1 Rfe8 16. Rxe8+ Rxe8 17. Nc4 dxc4 18. Rxd7 Be4 19. Qa4 Qe6 20. Rd6 Qc8
21. Qxc4 Qf5 22. Nd2 Bc2 23. Qd5 Qg6 24. Qxc5 Re1+ 25. Nf1 h6 26. Qd5 Kh7 27.
Rd7 Qg4 28. Qxf7 Bf5 29. Rd6 Be5 30. Rd8 Bf6 31. Rd2 Be6 32. Qb7 Bc4 33. Qd7
Qg5 34. h4 Qe5 35. Qd4 Qb5 36. Be4+ Kh8 37. a4 Rxf1+ 38. Kg2 Qa6 39. Qc5 Qe6
40. Bd5 Bxd5+ 41. Qxd5 Qe1 42. Qd7 Rg1+ 43. Kf3 Qe5 44. Rd5 Qb8 45. Rc5 Qa8+
46. Kf4 g5+ 47. Kf5 Qf8 48. Rc8 Bd8+ 49. Kg4 h5+ 50. Kxh5 Rd1 51. Qe6 Rd6 52.
Qe5+ Kg8 53. hxg5 Qf3+ 54. Kh4 Rh6# 0-1

[Event "21.Wörishofen-Seniorenen op"]
[Site "Bad Wörishofen (03.03.-11.03)"]
[Date "2005.03.11"]
[Round "9.45"]
[White "Bartlitz, Heinz"]
[Black "Schuster, Herbert"]
[Result "1/2-1/2"]
[WhiteElo "1567"]
[BlackElo "1641"]
[PlyCount "121"]
[EventDate "2005.03.??"]
[Source "Chessorg"]
[SourceDate "2005.12.10"]

1. e4 e5 2. Nf3 Nf6 3. Bc4 Nxe4 4. Nxe5 d5 5. Bb3 Be6 6. d4 Bd6 7. Nd2 Bxe5 8.
dxe5 Nc5 9. O-O Nc6 10. Nf3 h6 11. c3 Nxb3 12. axb3 Bg4 13. Qd3 Bxf3 14. Qxf3
O-O 15. Re1 Qd7 16. Bf4 Qe6 17. Rad1 Ne7 18. Bg3 c6 19. Qd3 Rfe8 20. f4 Nf5 21.
b4 b5 22. Bf2 a5 23. g4 Ne7 24. f5 Qc8 25. bxa5 Rxa5 26. Bc5 Kh8 27. Ra1 Qc7
28. Rxa5 Qxa5 29. Bxe7 Rxe7 30. Qd4 Qa7 31. Qxa7 Rxa7 32. Kf2 Kg8 33. Ke3 Ra2
34. Re2 c5 35. Kd3 Kf8 36. Kc2 Ke7 37. Kb1 Ra4 38. h3 Rf4 39. Re3 Kd7 40. Kc1
h5 41. e6+ fxe6 42. fxe6+ Ke7 43. Re5 hxg4 44. hxg4 Rxg4 45. Rxd5 Kxe6 46. Rxc5
b4 47. cxb4 Rxb4 48. Kc2 Rd4 49. Kc3 Rd8 50. b4 Rg8 51. Rg5 Kf6 52. Rg1 g5 53.
b5 Ke5 54. b6 g4 55. b7 Kf4 56. Kc4 g3 57. Kc5 Kf3 58. Kc6 Kf2 59. Rxg3 Kxg3
60. Kc7 Rg7+ 61. Kc8 1/2-1/2

[Event "21.Wörishofen-Seniorenen op"]
[Site "Bad Wörishofen (03.03.-11.03)"]
[Date "2005.03.11"]
[Round "9.46"]
[White "Dombrowe, Eckehard"]
[Black "Frantzke, Helmut"]
[Result "0-1"]
[WhiteElo "1631"]
[BlackElo "1774"]
[PlyCount "52"]
[EventDate "2005.03.??"]
[Source "Chessorg"]
[SourceDate "2005.12.10"]

1. f4 g6 2. Nf3 d5 3. e3 Bg4 4. Be2 Nd7 5. O-O e6 6. Ne5 Bxe2 7. Qxe2 Bg7 8. d4
c6 9. Nd2 Nb6 10. c4 f6 11. Nef3 Nh6 12. cxd5 exd5 13. b3 O-O 14. Ne1 Re8 15.
Rf3 Nf5 16. Nf1 Nxd4 17. Qd3 Nxf3+ 18. Nxf3 Nd7 19. Bb2 Nc5 20. Qc2 Ne4 21.
N1d2 f5 22. Nxe4 Bxb2 23. Qxb2 fxe4 24. Nd4 Qe7 25. Kf2 Rac8 26. Qc1 c5 0-1

[Event "21.Wörishofen-Seniorenen op"]
[Site "Bad Wörishofen (03.03.-11.03)"]
[Date "2005.03.11"]
[Round "9.47"]
[White "Salomon, Heide"]
[Black "Erler, Klaus-Juergen"]
[Result "0-1"]
[WhiteElo "1523"]
[BlackElo "1569"]
[PlyCount "79"]
[EventDate "2005.03.??"]
[Source "Chessorg"]
[SourceDate "2005.12.10"]

1. e4 d6 2. f4 Nf6 3. Nc3 c6 4. d4 Qa5 5. Be2 Nxe4 6. Bd2 Nxd2 7. Qxd2 Nd7 8.
Nf3 Nf6 9. O-O e6 10. Rfe1 Be7 11. Bd3 O-O 12. Qe2 Re8 13. Ng5 h6 14. Nge4 d5
15. Ng3 Qb6 16. Kh1 Qxd4 17. Qd2 Qb6 18. f5 Bd6 19. fxe6 Bxe6 20. Rf1 Qd8 21.
Qf2 Ng4 22. Qg1 Bxg3 23. hxg3 Qg5 24. Rf5 Bxf5 25. Qd4 Qh5+ 26. Kg1 Qh2+ 27.
Kf1 Ne3+ 28. Qxe3 Rxe3 29. Bxf5 d4 30. Ne2 Rae8 31. Re1 Qh1+ 32. Kf2 Qxe1+ 33.
Kxe1 Rxe2+ 34. Kf1 g6 35. Bd3 Rd2 36. Kg1 Re3 37. Kh2 Rexd3 38. cxd3 Rxb2 39.
a4 Ra2 40. Kg1 0-1

[Event "21.Wörishofen-Seniorenen op"]
[Site "Bad Wörishofen (03.03.-11.03)"]
[Date "2005.03.11"]
[Round "9.48"]
[White "Erdmann, Wolfgang"]
[Black "Fanenbruck, Guenter"]
[Result "1/2-1/2"]
[WhiteElo "1533"]
[BlackElo "1569"]
[PlyCount "43"]
[EventDate "2005.03.??"]
[Source "Chessorg"]
[SourceDate "2005.12.10"]

1. d4 d6 2. Nf3 Nd7 3. Bf4 Ngf6 4. h3 g6 5. e3 Bg7 6. Nbd2 O-O 7. Bd3 a6 8. O-O
b5 9. e4 c5 10. c3 Bb7 11. Re1 Nh5 12. Bh2 Re8 13. Rc1 e5 14. g4 Nf4 15. Bxf4
exf4 16. Re2 Qb6 17. d5 c4 18. Bb1 Ne5 19. Nxe5 dxe5 20. Kg2 Rad8 21. Qg1 Bf8
22. Qh2 1/2-1/2

[Event "21.Wörishofen-Seniorenen op"]
[Site "Bad Wörishofen (03.03.-11.03)"]
[Date "2005.03.11"]
[Round "9.49"]
[White "Zacharias, Helmut"]
[Black "Alefs, Heinz"]
[Result "0-1"]
[WhiteElo "1340"]
[BlackElo "1640"]
[PlyCount "74"]
[EventDate "2005.03.??"]
[Source "Chessorg"]
[SourceDate "2005.12.10"]

1. d4 Nf6 2. Nf3 e6 3. g3 c5 4. c3 Nc6 5. Bg2 d5 6. O-O Be7 7. Nbd2 O-O 8. Re1
Ne4 9. Nxe4 dxe4 10. Ne5 f5 11. Nxc6 bxc6 12. e3 Ba6 13. f3 Bd3 14. Bf1 c4 15.
f4 Qa5 16. Bd2 Qb5 17. a4 Qxb2 18. Qc1 Qb7 19. Bh3 Rab8 20. Qd1 g6 21. g4 Bh4
22. gxf5 exf5 23. Re2 Bxe2 24. Qxe2 Qf7 25. Bf1 Rb2 26. Qd1 Rfb8 27. Bc1 R2b3
28. a5 Be7 29. Ra4 Rxc3 30. Bd2 Rd3 31. Bxd3 cxd3 32. Qc1 Qb3 33. Qc4+ Qxc4 34.
Rxc4 Rb1+ 35. Rc1 Rxc1+ 36. Bxc1 Bb4 37. Kf2 d2 0-1

[Event "21.Wörishofen-Seniorenen op"]
[Site "Bad Wörishofen (03.03.-11.03)"]
[Date "2005.03.11"]
[Round "9.50"]
[White "Kahler, Kurt"]
[Black "Manfeldt, Alfred"]
[Result "1-0"]
[WhiteElo "1673"]
[BlackElo "1554"]
[PlyCount "81"]
[EventDate "2005.03.??"]
[Source "Chessorg"]
[SourceDate "2005.12.10"]

1. e4 d6 2. f4 Nd7 3. Nf3 Ngf6 4. Nc3 e5 5. Bc4 Nb6 6. Bb3 Bg4 7. fxe5 dxe5 8.
Bxf7+ Ke7 9. Bb3 Ke8 10. O-O Bc5+ 11. Kh1 Qe7 12. d3 h6 13. Qe1 g5 14. h3 Bh5
15. Nxg5 hxg5 16. Bxg5 Rf8 17. Qh4 Nbd7 18. Nd5 Qd6 19. Nxf6+ Nxf6 20. Rxf6
Rxf6 21. Bxf6 Bf7 22. Rf1 Bxb3 23. axb3 Kd7 24. Bg7 Qe6 25. Qh5 Re8 26. Qf7+
Qxf7 27. Rxf7+ Kc6 28. g4 b5 29. Rf6+ Kd7 30. Bh6 b4 31. Bd2 a5 32. Kg2 Ra8 33.
g5 Be7 34. Rf5 Kd6 35. h4 c5 36. h5 a4 37. bxa4 Rxa4 38. g6 Ra2 39. g7 Ra8 40.
h6 Rg8 41. Kf3 1-0

[Event "21.Wörishofen-Seniorenen op"]
[Site "Bad Wörishofen (03.03.-11.03)"]
[Date "2005.03.11"]
[Round "9.51"]
[White "Narr, Irmgard"]
[Black "Paulsen, Eckart"]
[Result "0-1"]
[WhiteElo "1449"]
[BlackElo "1636"]
[PlyCount "138"]
[EventDate "2005.03.??"]
[Source "Chessorg"]
[SourceDate "2005.12.10"]

1. e4 e6 2. Nf3 d5 3. exd5 exd5 4. d4 Bd6 5. Bd3 Ne7 6. O-O O-O 7. Be3 Bf5 8.
Re1 Nd7 9. Nc3 c6 10. Qd2 Qc7 11. h3 Rfe8 12. Bg5 Bxd3 13. Qxd3 Ng6 14. Kh1
Ndf8 15. Ne2 Ne6 16. Bd2 Re7 17. c4 dxc4 18. Qxc4 Rae8 19. Rac1 Nef4 20. Neg1
Qd7 21. Qc2 Ne2 22. Nxe2 Rxe2 23. Rxe2 Rxe2 24. Rf1 Nf4 25. Ng1 Re8 26. Be3 Nd5
27. Bg5 h6 28. Bc1 Qe6 29. Nf3 Nb4 30. Qa4 Qe2 31. Kg1 a6 32. Qb3 Qe6 33. Qxe6
Rxe6 34. a3 Nd3 35. b4 Re2 36. Rd1 Nxf2 37. Kf1 Nxd1 38. Kxe2 Nc3+ 39. Kd3 Nd5
40. Ke4 Kf8 41. Bd2 Ke7 42. Nh4 Nf6+ 43. Kd3 Ke6 44. g4 b5 45. Nf5 Ne8 46. Ke4
Bf8 47. Bf4 Nf6+ 48. Kd3 Nd5 49. Bd2 Nb6 50. Ke4 Nc4 51. Bc1 Nd6+ 52. Nxd6 Bxd6
53. h4 Be7 54. h5 Bg5 55. Bb2 g6 56. hxg6 fxg6 57. Kf3 Kd5 58. Ke2 Ke4 59. Bc3
h5 60. gxh5 gxh5 61. Bb2 Bf6 62. Bc1 Bxd4 63. Kf1 Kd3 64. Kg2 Kc2 65. Bg5 Bb2
66. Kf3 Bxa3 67. Bd2 Kb3 68. Ke4 Bxb4 69. Kd3 Bxd2 0-1

[Event "21.Wörishofen-Seniorenen op"]
[Site "Bad Wörishofen (03.03.-11.03)"]
[Date "2005.03.11"]
[Round "9.52"]
[White "Weber, Siegfried[27Fechh']"]
[Black "Mahrla, Hans,Dr."]
[Result "1/2-1/2"]
[WhiteElo "1554"]
[BlackElo "1626"]
[PlyCount "87"]
[EventDate "2005.03.??"]
[Source "Chessorg"]
[SourceDate "2005.12.10"]

1. e4 e6 2. d4 d5 3. Nc3 Bb4 4. e5 c5 5. Bd2 cxd4 6. Nb5 Be7 7. Nf3 Nc6 8.
Nbxd4 Qb6 9. Bc3 Bc5 10. Bb5 Bd7 11. Bxc6 Bxc6 12. O-O Ne7 13. Nb3 Bb5 14. Qd2
Bxf1 15. Rxf1 Nc6 16. Qg5 O-O 17. Qh4 Be7 18. Qh5 Qd8 19. Bd2 f6 20. Nbd4 Nxd4
21. Nxd4 Qb6 22. Be3 Qxb2 23. Nxe6 Rf7 24. exf6 Bxf6 25. Qxd5 Re8 26. Qc4 b5
27. Qc6 Rfe7 28. Nf4 Kh8 29. Nd5 Re6 30. Qb7 Bd4 31. h3 a5 32. Qd7 b4 33. Nf4
Re4 34. Qf7 R4e7 35. Qh5 Re5 36. Ng6+ Kg8 37. Nxe5 Rxe5 38. Qg4 Bxe3 39. Qc8+
Kf7 40. fxe3+ Kg6 41. Qg4+ Rg5 42. Qe4+ Kh6 43. Qh4+ Kg6 44. Qe4+ 1/2-1/2

[Event "21.Wörishofen-Seniorenen op"]
[Site "Bad Wörishofen (03.03.-11.03)"]
[Date "2005.03.11"]
[Round "9.53"]
[White "Hoenig, Josef"]
[Black "Sieghardt, Walter"]
[Result "1/2-1/2"]
[WhiteElo "1579"]
[BlackElo "1513"]
[PlyCount "46"]
[EventDate "2005.03.??"]
[Source "Chessorg"]
[SourceDate "2005.12.10"]

1. Nf3 d5 2. e3 c5 3. d4 e6 4. Bb5+ Bd7 5. Bxd7+ Nxd7 6. O-O Ngf6 7. Nc3 cxd4
8. exd4 Be7 9. Bf4 a6 10. h3 h6 11. Ne5 b5 12. Nc6 Qc8 13. Nxe7 Kxe7 14. a3 Re8
15. Re1 Qc6 16. Rc1 Kf8 17. Qf3 Kg8 18. g4 Nh7 19. h4 f6 20. Qg3 g5 21. hxg5
Nxg5 22. Bxg5 fxg5 23. Re3 Rf8 1/2-1/2

[Event "21.Wörishofen-Seniorenen op"]
[Site "Bad Wörishofen (03.03.-11.03)"]
[Date "2005.03.11"]
[Round "9.54"]
[White "Kluge, Hans-Christof"]
[Black "Weibrecht, Carl"]
[Result "1-0"]
[WhiteElo "1566"]
[BlackElo "1471"]
[PlyCount "109"]
[EventDate "2005.03.??"]
[Source "Chessorg"]
[SourceDate "2005.12.10"]

1. d4 d5 2. Nf3 Nf6 3. e3 g6 4. Be2 Bg7 5. O-O O-O 6. b3 b6 7. Bb2 c5 8. Nbd2
cxd4 9. exd4 Bb7 10. Ne5 Nbd7 11. f4 Ne4 12. Rf3 f6 13. Ng4 h5 14. Nf2 f5 15.
c4 e6 16. cxd5 exd5 17. Nf1 Ndf6 18. Nd3 Bc6 19. Qe1 Be8 20. Ne5 Rc8 21. Ba3
Rf7 22. Nxg6 Rfc7 23. Ne5 Rc3 24. Rxc3 Nxc3 25. Ng3 Nxe2+ 26. Qxe2 h4 27. Nxf5
Bh5 28. Qe3 Ne4 29. Ne7+ Kh7 30. Nxc8 Qxc8 31. Rf1 Qf5 32. Bc1 Be8 33. Qh3 Qxh3
34. gxh3 Bb5 35. Rf3 Bf6 36. a4 Be8 37. Be3 Bh5 38. Ng4 Kg7 39. Rf1 Be7 40. Rc1
Bd6 41. Nf2 Nf6 42. Rc6 Ne8 43. Nd3 Kf6 44. Ne5 Kf5 45. Kf2 Ke4 46. Ng4 Kf5 47.
Rc8 Bxf4 48. Bxf4 Kxf4 49. Ne5 Ke4 50. Nc6 Nd6 51. Rh8 Bf7 52. Rxh4+ Kd3 53.
Ne5+ Kc3 54. Nxf7 Nxf7 55. Rh7 1-0

[Event "21.Wörishofen-Seniorenen op"]
[Site "Bad Wörishofen (03.03.-11.03)"]
[Date "2005.03.11"]
[Round "9.55"]
[White "Dietze, Otto"]
[Black "Malik, Heinz[36G'weil]"]
[Result "1-0"]
[WhiteElo "1536"]
[BlackElo "1528"]
[PlyCount "73"]
[EventDate "2005.03.??"]
[Source "Chessorg"]
[SourceDate "2005.12.10"]

1. e4 c6 2. d4 d5 3. Nc3 dxe4 4. Nxe4 Bf5 5. Ng3 Bg6 6. h4 h6 7. h5 Bh7 8. Nf3
Nd7 9. Bd3 Bxd3 10. Qxd3 Ngf6 11. Bd2 e6 12. O-O-O Bd6 13. Ne2 Qc7 14. Bc3
O-O-O 15. Kb1 Nd5 16. g3 N7f6 17. Bd2 Ng4 18. Rhf1 f5 19. Qb3 Rhe8 20. c4 Ndf6
21. c5 Bf8 22. Qa4 Qb8 23. Ba5 Rd7 24. Nf4 Nd5 25. Ng6 Nc7 26. Nfe5 Nxe5 27.
Nxe5 Rd5 28. Bxc7 Kxc7 29. Rfe1 Red8 30. Ng6 Kd7 31. Ne5+ Kc8 32. Ng6 a6 33.
Nf4 R5d7 34. Nxe6 Re7 35. Nxf8 Rxe1 36. Rxe1 Rxf8 37. Re7 1-0

[Event "21.Wörishofen-Seniorenen op"]
[Site "Bad Wörishofen (03.03.-11.03)"]
[Date "2005.03.11"]
[Round "9.57"]
[White "Block, Herbert"]
[Black "Wolfram, Gisbert,Dr."]
[Result "0-1"]
[WhiteElo "1402"]
[BlackElo "1548"]
[PlyCount "64"]
[EventDate "2005.03.??"]
[Source "Chessorg"]
[SourceDate "2005.12.10"]

1. c4 c5 2. Nc3 Nc6 3. d3 Nf6 4. Nf3 d5 5. cxd5 Nxd5 6. e4 Nc7 7. Be2 e5 8. O-O
Be7 9. h3 O-O 10. Nh2 f5 11. exf5 Bxf5 12. Ng4 Kh8 13. Ne3 Bg6 14. a3 Qd7 15.
Bg4 Qxd3 16. Qxd3 Bxd3 17. Rd1 Rad8 18. Bf3 Ba6 19. Bxc6 bxc6 20. Re1 Rfe8 21.
Ng4 Kg8 22. Nxe5 Bf6 23. Bf4 Nd5 24. Nxd5 cxd5 25. Nc6 Rxe1+ 26. Rxe1 Ra8 27.
b3 Bb5 28. Ne7+ Bxe7 29. Rxe7 a6 30. Be5 g6 31. Rg7+ Kf8 32. Rxh7 Re8 0-1